000 00363nam a2200145Ia 4500
008 230711s9999||||xx |||||||||||||| ||und||
041 _aENG
082 _a4
_bKA-D
100 _aKakde,Deshpande
245 0 _aData structure and algorithms
250 _a1st Ed.
260 _c2001
_aNew Delhi
_bISTE Learing Material
650 _aComputer Engineering
942 _cBK
999 _c4001
_d4001